[Event "Master Open"]
[Site "Voronezh"]
[Date "2018.06.12"]
[Round "1.56"]
[White "Salemgareev, Tagir"]
[Black "Pokhvalit, Alexander"]
[Result "1-0"]
[WhiteElo "2387"]
[BlackElo "2087"]
[Annotator ""]
[Source ""]
[Remark ""]

1.d4 d5 2.Nf3 Nf6 3.c4 dxc4 4.e3 a6 5.Bxc4 e6 6.O-O c5 7.Bb3
Be7 8.Qe2 b5 9.a4 b4 10.Rd1 O-O 11.e4 cxd4 12.Nxd4 Qa5 13.Nd2
Qe5 14.N4f3 Qh5 15.Nf1 Bb7 16.Ng3 Qa5 17.Bg5 Nc6 18.e5 Ne8 19.Rd7
Bxg5 20.Nxg5 h6 21.Nxf7 Bc8 22.Nxh6+ gxh6 23.Bxe6+ Kh8 24.Qe3
Rf6 25.exf6 Qg5 26.Qxg5 hxg5 27.f7 1-0

[Event "Master Open"]
[Site "Voronezh"]
[Date "2018.06.12"]
[Round "1.57"]
[White "Lystsov, Leonid"]
[Black "Tsoi, Dmitry"]
[Result "0-1"]
[WhiteElo "2086"]
[BlackElo "2382"]
[Annotator ""]
[Source ""]
[Remark ""]

1.d4 Nf6 2.Bf4 b6 3.Nf3 Bb7 4.e3 d6 5.h3 h6 6.Nbd2 g5 7.Bh2 Rg8
8.Bd3 h5 9.e4 g4 10.Nh4 e6 11.Bg3 Be7 12.Qe2 Nfd7 13.hxg4 Rxg4
14.Nhf3 h4 15.Bh2 Rxg2 16.O-O-O Qc8 17.Rdg1 Rxg1+ 18.Rxg1 Ba6
19.Rg8+ Nf8 20.c4 Qb7 21.Kb1 c5 22.d5 e5 23.Nf1 Nbd7 24.Ne3 Nf6
25.Rh8 O-O-O 26.Nxh4 Ng6 27.Rxd8+ Kxd8 28.Nxg6 fxg6 29.f4 exf4
30.Bxf4 Nh5 31.Ng2 Qd7 32.e5 dxe5 33.Bxe5 Bf6 34.Bxg6 Qxd5 35.Bb8
Ng7 36.cxd5 Bxe2 37.Nf4 Bf3 38.Bd6 Bg5 39.Ne6+ Nxe6 40.dxe6 Bg4
41.e7+ Bxe7 42.Bxe7+ Kxe7 43.Kc2 Kf6 44.Be8 Ke7 45.Bb5 Bd7 46.Be2
a5 47.a3 a4 48.b4 axb3+ 49.Kxb3 Kd6 50.Kc3 Ke5 51.Bd3 Bf5 52.Bf1
Ke4 53.Kc4 Ke3 54.Kc3 Kf2 55.Bc4 Ke1 56.Bf7 Kd1 57.Bg8 Kc1 58.Bf7
Kb1 59.Kb3 Ka1 60.Bd5 Bd3 61.a4 Bb1 62.Ka3 Bc2 63.a5 b5 0-1

[Event "Master Open"]
[Site "Voronezh"]
[Date "2018.06.12"]
[Round "1.58"]
[White "Provotorov, Ivan"]
[Black "Afanasieva, Alexandra"]
[Result "1-0"]
[WhiteElo "2378"]
[BlackElo "2069"]
[Annotator ""]
[Source ""]
[Remark ""]

1.c4 Nf6 2.Nc3 c5 3.Nf3 Nc6 4.e3 d5 5.cxd5 Nxd5 6.Bb5 Nxc3 7.bxc3
Bd7 8.O-O e6 9.d4 cxd4 10.exd4 Be7 11.Bf4 O-O 12.Bd3 Bf6 13.Qb1
h6 14.Qxb7 Na5 15.Qe4 g6 16.Bxh6 Bc6 17.Qf4 Bg7 18.Bxg7 Kxg7
19.Qe5+ Kg8 20.Ng5 Qd5 21.Qg3 Kg7 22.Be4 Qd7 23.Qe5+ f6 24.Nxe6+
Kf7 25.Nxf8 Rxf8 26.Qxa5 Bxe4 27.f3 Bd5 28.Rfe1 Rh8 29.Re3 g5
30.Qc5 Kg6 31.c4 Be6 32.d5 Bf5 33.g4 Bc2 34.Re7 1-0

[Event "Master Open"]
[Site "Voronezh"]
[Date "2018.06.12"]
[Round "1.59"]
[White "Gasparian, Haik"]
[Black "Gubajdullin, Alexei"]
[Result "0-1"]
[WhiteElo "2069"]
[BlackElo "2375"]
[Annotator ""]
[Source ""]
[Remark ""]

1.Nf3 c5 2.g3 g6 3.Bg2 Bg7 4.O-O Nc6 5.d3 d6 6.c3 e5 7.Bg5 Nge7
8.Qc1 h6 9.Bd2 Be6 10.Na3 Rc8 11.Nc2 d5 12.e4 d4 13.c4 a5 14.h4
f6 15.Nh2 g5 16.f4 gxf4 17.gxf4 f5 18.Qe1 O-O 19.Qg3 fxe4 20.Bxe4
Nf5 21.Qg4 Qd7 22.Nf3 Kh8 23.fxe5 Nd6 24.Bxc6 Rxc6 25.Qg3 Nf5
26.Qh2 Bf7 27.Rf2 Rg6+ 28.Rg2 Rxg2+ 29.Kxg2 Qc6 30.Bf4 Bh5 31.Nce1
Ne3+ 0-1

[Event "Master Open"]
[Site "Voronezh"]
[Date "2018.06.12"]
[Round "1.60"]
[White "Bykov, Oleg"]
[Black "Gutkovich, Polina"]
[Result "1-0"]
[WhiteElo "2375"]
[BlackElo "2046"]
[Annotator ""]
[Source ""]
[Remark ""]

1.c4 e6 2.Nc3 d5 3.d4 c6 4.e3 Nf6 5.Nf3 Nbd7 6.Bd3 dxc4 7.Bxc4
b5 8.Bd3 Bb7 9.O-O a6 10.Qe2 c5 11.Rd1 Qc7 12.Bd2 Bd6 13.Rac1
c4 14.Bb1 O-O 15.a4 b4 16.Na2 c3 17.e4 Qb6 18.bxc3 b3 19.Nb4
a5 20.e5 axb4 21.exf6 Nxf6 22.c4 Qc6 23.c5 Bc7 24.Bxb4 Rxa4 25.Bc3
Ba6 26.Bd3 Bxd3 27.Qxd3 Nd5 28.Ng5 g6 29.g3 Qa6 30.Qf3 Ra2 31.Bd2
b2 32.Rb1 Ra3 33.Qg4 h5 34.Qe4 Ra1 35.Qc2 Rb8 36.Re1 Rxb1 37.Qxb1
Kg7 38.Qc2 Bd8 39.Ne4 Ba5 40.Rb1 Qe2 41.Bh6+ Kxh6 42.Qxe2 f5
43.Nd6 Bc3 44.Qxe6 1-0

[Event "Master Open"]
[Site "Voronezh"]
[Date "2018.06.12"]
[Round "1.61"]
[White "Kyshtymov, Daniil"]
[Black "Karpenko, Artem"]
[Result "0-1"]
[WhiteElo "2032"]
[BlackElo "2374"]
[Annotator ""]
[Source ""]
[Remark ""]

1.e4 c6 2.d4 d5 3.Nc3 dxe4 4.Nxe4 Nf6 5.Nxf6+ gxf6 6.Nf3 Bg4
7.Be2 Qc7 8.Be3 e6 9.Qd2 Bd6 10.O-O-O Nd7 11.Kb1 O-O-O 12.c4
c5 13.dxc5 Nxc5 14.Nd4 Bxe2 15.Nb5 Bd3+ 16.Ka1 Qb8 17.Qc3 a6
18.Nxd6+ Qxd6 19.Bxc5 Qxc5 20.Rxd3 Rxd3 21.Qxd3 Qxf2 22.Rd1 Qxg2
23.Qd7+ Kb8 24.Qxf7 Qf3 25.Rc1 e5 26.a3 Rc8 27.Qxh7 Rc7 28.Qg8+
Rc8 29.Qg3 Qe4 30.h3 Qd4 31.Qg4 e4 32.Qe6 Rc6 33.Qf7 Ka7 34.Rc3
Rb6 35.c5 Rb5 36.c6 Qd2 37.Qa2 e3 38.Qb1 Qxc3 39.bxc3 Rxb1+ 40.Kxb1
e2 0-1

[Event "Master Open"]
[Site "Voronezh"]
[Date "2018.06.12"]
[Round "1.62"]
[White "Yeritsyan, Aram"]
[Black "Sinitsina, Anastassia"]
[Result "1/2-1/2"]
[WhiteElo "2370"]
[BlackElo "2009"]
[Annotator ""]
[Source ""]
[Remark ""]

1.e4 c5 2.Nf3 e6 3.d4 cxd4 4.Nxd4 Nc6 5.Nb5 d6 6.c4 Nf6 7.N1c3
a6 8.Na3 Be7 9.Be2 O-O 10.O-O b6 11.Be3 Ne5 12.f3 Qc7 13.Rc1
Bb7 14.Qd4 Ned7 15.b4 Rac8 16.Na4 Bd8 17.Rfd1 Qb8 18.Bf2 Bc7
19.Bg3 Ne8 20.Kh1 Bc6 21.Nc3 Qa8 22.Nc2 Ndf6 23.Ne3 Qb8 24.f4
b5 25.e5 Nd7 26.exd6 Bxd6 27.c5 Bc7 28.Nc2 Nef6 29.Qf2 e5 30.f5
Qb7 31.Ne3 Rfe8 32.Rd2 e4 33.Bxc7 Qxc7 34.Rcd1 Qe5 35.Rd4 Nb8
36.a4 bxa4 37.Nc4 e3 38.Qf1 Qe7 39.Nd6 Bd7 40.Nxc8 Bxc8 41.Nxa4
Ne4 42.Kg1 Nc6 43.Qf4 Nxd4 44.Rxd4 Nf6 45.Nb6 Bb7 46.Qd6 g6 47.fxg6
hxg6 48.Kf1 Ne4 49.Qxe7 Rxe7 50.Bf3 Nd2+ 51.Ke2 Nxf3 52.gxf3
Bxf3+ 53.Ke1 Re5 54.Nc4 Rh5 55.Nxe3 Rxh2 56.Nc4 Re2+ 57.Kf1 Re4
58.Rd8+ Kg7 59.Nd2 Rf4 60.Rb8 Bc6+ 61.Ke2 Bb5+ 62.Ke3 Rxb4 63.c6
a5 64.c7 Bd7 65.c8Q Bxc8 66.Rxc8 a4 67.Ra8 f5 68.Nf3 f4+ 69.Kd3
Kf6 70.Ra6+ Kf5 71.Nd4+ Kg5 72.Kc3 Rb8 73.Rxa4 Re8 74.Kd2 Kg4
75.Ra1 g5 76.Rg1+ Kh5 77.Nf5 Kg6 78.Nd4 Kf6 79.Nf3 Rg8 80.Ke2
g4 81.Kf2 g3+ 82.Kg2 Re8 83.Ra1 Kf5 84.Ra5+ Kf6 85.Kh3 Rg8 86.Nh4
Rg5 87.Ra6+ Ke7 88.Ng6+ Kd7 89.Nxf4 Ke7 90.Kg2 Kf7 1/2-1/2

[Event "Master Open"]
[Site "Voronezh"]
[Date "2018.06.12"]
[Round "1.63"]
[White "Yangutov, Aleksey"]
[Black "Apryshko, Gleb"]
[Result "1-0"]
[WhiteElo "1975"]
[BlackElo "2366"]
[Annotator ""]
[Source ""]
[Remark ""]

1.d4 g6 2.c4 Bg7 3.Nf3 d6 4.Nc3 Nd7 5.e4 e6 6.Be2 Ne7 7.O-O h6
8.Be3 f5 9.Qd2 fxe4 10.Nxe4 Nf5 11.Bf4 O-O 12.g4 e5 13.dxe5 dxe5
14.Qd5+ Kh8 15.Bxe5 Nxe5 16.Nxe5 Qe8 17.gxf5 Bxe5 18.fxg6 c6
19.Qd2 Qxg6+ 20.Ng3 Bh3 21.Rfd1 Rxf2 22.Kxf2 Rf8+ 23.Bf3 Bg4
24.Qd8 Qf7 25.Qxf8+ Qxf8 26.Rd3 Bh3 27.Rad1 Qc5+ 28.Ke2 Qxc4
29.b3 Qa6 30.Kf2 Qxa2+ 31.R1d2 Qa5 32.Nh5 Bf5 33.Rd8+ Kh7 34.R2d7+ 1-0

[Event "Master Open"]
[Site "Voronezh"]
[Date "2018.06.12"]
[Round "1.64"]
[White "Malyshev, Grigory"]
[Black "Bedenko, Nikita"]
[Result "1/2-1/2"]
[WhiteElo "2362"]
[BlackElo "1967"]
[Annotator ""]
[Source ""]
[Remark ""]

1.d4 Nf6 2.c4 e6 3.g3 d5 4.Nf3 Nbd7 5.Bg2 c6 6.O-O Bd6 7.Nbd2
O-O 8.Qc2 Re8 9.Rd1 Qe7 10.e4 dxe4 11.Nxe4 Nxe4 12.Qxe4 e5 13.dxe5
Nxe5 14.Ng5 f5 15.Qc2 h6 16.Nf3 Nxf3+ 17.Bxf3 f4 18.Bd2 fxg3
19.hxg3 Rf8 20.Qe4 Qf6 21.Bc3 Qxf3 22.Qxf3 Rxf3 23.Rxd6 Bh3 24.Re1
Rf7 25.f4 Bf5 26.Kf2 h5 27.Be5 Re8 28.Ke3 Rd7 29.Red1 Rxd6 30.Rxd6
Kf7 31.a4 g6 32.a5 Re6 33.Rd2 c5 34.Rd5 Rc6 35.Rd8 Ra6 36.Bc3
Re6+ 37.Kf2 Re8 38.Rd6 Re6 39.Rd5 Rc6 40.b3 Be6 41.Rd8 Rc8 42.Rd2
Rc7 43.Be5 Rd7 44.Bd6 Bf5 45.Ke3 b6 46.Be5 Ke6 47.axb6 axb6 1/2-1/2

[Event "Master Open"]
[Site "Voronezh"]
[Date "2018.06.12"]
[Round "1.65"]
[White "Selifonova, Aleksandra"]
[Black "Yagupov, Igor"]
[Result "0-1"]
[WhiteElo "1920"]
[BlackElo "2359"]
[Annotator ""]
[Source ""]
[Remark ""]

1.e4 c5 2.Nf3 e6 3.d4 cxd4 4.Nxd4 a6 5.Bd3 Bc5 6.Nb3 Be7 7.c4
d6 8.O-O Nf6 9.Nc3 Nbd7 10.Nd4 Qc7 11.Kh1 Ne5 12.Qe2 Bd7 13.Bd2
O-O 14.f4 Nxd3 15.Qxd3 Rfc8 16.b3 Be8 17.f5 e5 18.Nc2 b5 19.Ne3
bxc4 20.Nxc4 Bb5 21.Nxb5 axb5 22.Ne3 Qb7 23.Bb4 Qxe4 24.Qxe4
Nxe4 25.Nd5 Bd8 26.Rae1 Nc5 27.Re2 f6 28.Rd1 Kf7 29.h3 Nb7 30.Nc3
Ba5 31.Bxa5 Rxa5 32.b4 Ra6 33.Nxb5 g6 34.Red2 gxf5 35.Rxd6 Nxd6
36.Nxd6+ Rxd6 37.Rxd6 Rc1+ 38.Kh2 Rb1 39.a3 f4 40.h4 h5 41.Rd2
Ke6 42.Ra2 Kf5 43.a4 Rxb4 44.a5 Kg4 45.a6 Rb8 46.a7 Ra8 47.Ra4
f5 48.g3 e4 49.gxf4 Kxh4 50.Kg2 Kg4 51.Ra3 Kxf4 52.Ra6 h4 53.Ra3
Kg4 54.Ra5 e3 55.Ra3 f4 56.Ra4 h3+ 57.Kf1 h2 58.Kg2 e2 59.Ra1
Rxa7 60.Re1 Rd7 61.Kxh2 Kf3 0-1

[Event "Master Open"]
[Site "Voronezh"]
[Date "2018.06.13"]
[Round "2.15"]
[White "Triapishko, Alexandr"]
[Black "Bykov, Oleg"]
[Result "1-0"]
[WhiteElo "2513"]
[BlackElo "2375"]
[Annotator ""]
[Source ""]
[Remark ""]

1.e4 e5 2.Nf3 Nf6 3.Nxe5 d6 4.Nf3 Nxe4 5.Qe2 Qe7 6.d3 Nf6 7.Nc3
Bg4 8.Be3 Nc6 9.O-O-O O-O-O 10.h3 Be6 11.d4 d5 12.a3 a6 13.Bf4
Nd7 14.Qe3 h6 15.h4 g6 16.Bd3 Bg7 17.Rhe1 Nb6 18.g3 Qd7 19.Ne5
Nxe5 20.Bxe5 Bxe5 21.Qxe5 Bg4 22.Ne2 Nc4 23.Qf4 Nd6 24.Kb1 h5
25.f3 Bf5 26.Nc1 Rhe8 27.b3 f6 28.Kb2 Kb8 29.a4 Ka7 30.Kc3 Rxe1
31.Rxe1 Re8 32.Rxe8 Qxe8 33.Kd2 Qe6 34.a5 Qd7 35.Bxf5 Qxf5 36.Ne2
g5 37.Qe3 gxh4 38.gxh4 Qh3 39.Qf4 Qe6 40.Ng3 Nb5 41.Nxh5 Qe7
42.Qe3 Qb4+ 43.Ke2 c5 44.Kf2 cxd4 45.Qd3 f5 46.Ng3 f4 47.Nf5
Qxa5 48.Nxd4 Qb6 49.c3 Ka8 50.h5 Qd8 51.Nxb5 axb5 52.Kf1 b4 53.cxb4
Qh4 54.Qxd5 Qh1+ 55.Ke2 Qc1 56.Qd8+ Ka7 57.Qd2 Qh1 58.Qd4+ Ka8
59.Qxf4 Qg2+ 60.Kd3 Qf1+ 61.Kd4 Qd1+ 62.Ke5 Qxb3 63.h6 Qc3+ 64.Ke6
Qh8 65.Ke7 Qh7+ 66.Qf7 Qb1 67.Qf8+ Ka7 68.Qf4 Qh7+ 69.Kf8 Qh8+
70.Kf7 Qh7+ 71.Ke6 Qg6+ 72.Qf6 Qe8+ 73.Kf5 Qh5+ 74.Ke4 Qe8+ 75.Kf4
Qd7 76.Qa1+ Kb8 77.Qe5+ Ka7 78.Kg3 Ka8 79.b5 Qd1 80.Kg4 Qd7+
81.Qf5 Qd4+ 82.Kh5 Qf2 83.h7 Qh2+ 84.Kg6 Qg3+ 85.Kf7 Qc7+ 86.Kg8
Qg3+ 87.Kf8 Qd6+ 88.Ke8 Qb8+ 89.Kd7 Qh8 1-0

[Event "Master Open"]
[Site "Voronezh"]
[Date "2018.06.13"]
[Round "2.16"]
[White "Faizrakhmanov, Ramil"]
[Black "Gabrielian, Artur"]
[Result "1/2-1/2"]
[WhiteElo "2388"]
[BlackElo "2506"]
[Annotator ""]
[Source ""]
[Remark ""]

1.d4 Nf6 2.c4 c5 3.d5 e6 4.Nc3 exd5 5.cxd5 d6 6.Nf3 g6 7.Bf4
Bg7 8.Qa4+ Bd7 9.Qb3 b5 10.Bxd6 Qb6 11.Be5 O-O 12.e3 c4 13.Qd1
b4 14.Nb1 Rc8 15.Be2 Bf5 16.O-O Nbd7 17.Bd4 Qa5 18.Nbd2 c3 19.bxc3
bxc3 20.Nc4 Qxd5 21.Bxc3 Qxd1 22.Rfxd1 Be6 23.Nfd2 Nb6 24.Bxf6
Bxf6 25.Rac1 Kg7 26.h3 Rc5 27.Nxb6 axb6 28.Rxc5 bxc5 29.Bc4 Bxc4
30.Nxc4 Rxa2 31.Rd7 Ra1+ 32.Kh2 Rc1 33.Nd6 Be5+ 34.g3 Bxd6 35.Rxd6
h5 36.Rc6 c4 37.Kg2 g5 38.Kf3 Rc2 39.Rc5 f6 40.Rc7+ Kg6 41.g4 1/2-1/2

[Event "Master Open"]
[Site "Voronezh"]
[Date "2018.06.13"]
[Round "2.17"]
[White "Tsoi, Dmitry"]
[Black "Potapov, Pavel"]
[Result "0-1"]
[WhiteElo "2382"]
[BlackElo "2491"]
[Annotator ""]
[Source ""]
[Remark ""]

1.e4 c5 2.Be2 Nc6 3.f4 e6 4.Nf3 d5 5.d3 g6 6.O-O Bg7 7.c3 Nge7
8.Be3 b6 9.Qc2 Bb7 10.Nbd2 O-O 11.Rad1 Rc8 12.Qb1 Qc7 13.g3 e5
14.fxe5 Nxe5 15.Bf4 dxe4 16.dxe4 N7c6 17.Nc4 Qe7 18.Nd6 Rb8 19.Nxb7
Rxb7 20.Nxe5 Nxe5 21.Bxe5 Bxe5 22.Rd5 Kg7 23.Qd3 b5 24.Rd1 b4
25.Qf3 bxc3 26.bxc3 Rfb8 27.Bc4 h5 28.a4 h4 29.Bb5 hxg3 30.hxg3
Rh8 31.Rd7 Rxd7 32.Rxd7 Qe6 33.Rxa7 Rh5 34.g4 Rh4 35.Be2 Rh2
36.Rb7 Qa2 37.Bf1 g5 38.Bg2 Bf4 39.Rd7 Qxa4 40.Rd5 Rh6 41.Qd3
Qa1+ 42.Bf1 Qb2 43.Be2 Qa1+ 44.Bd1 c4 45.Qf3 Qb2 46.Be2 Qa1+
47.Bd1 Rb6 48.Kf1 Rb1 49.Rd7 Qa4 50.Rd5 Qc6 51.Qh3 Qf6 52.Qf3
Rc1 53.e5 Qe6 54.Kg2 Bxe5 55.Qe4 Bf6 56.Qxe6 fxe6 57.Rd7+ Kf8
58.Be2 Rxc3 59.Rc7 Rc2 60.Kf3 c3 61.Bd3 Rh2 62.Bg6 Be5 63.Rc5
Bf4 64.Rc6 Ke7 65.Bb1 Kd7 66.Rc4 Kd6 67.Ke4 Bd2 68.Bc2 Rf2 69.Kd3
e5 70.Rc8 Rf4 71.Bd1 e4+ 72.Kc2 Rf2 73.Re8 Kd5 74.Kb3 Kd4 75.Rg8
Rf6 76.Rb8 Ke3 77.Rb5 Rf1 78.Kc2 Rf8 79.Kb3 Kf4 80.Be2 Ra8 81.Bd1
Kg3 82.Rb7 Re8 83.Kc2 e3 84.Kd3 e2 0-1

[Event "Master Open"]
[Site "Voronezh"]
[Date "2018.06.13"]
[Round "2.18"]
[White "Belyakov, Bogdan"]
[Black "Ioffe, Ilya"]
[Result "1/2-1/2"]
[WhiteElo "2490"]
[BlackElo "2240"]
[Annotator ""]
[Source ""]
[Remark ""]

1.e4 e5 2.Nf3 Nc6 3.Bc4 Bc5 4.O-O Nf6 5.Nc3 O-O 6.d3 h6 7.Nd5
d6 8.Be3 Bxe3 9.fxe3 Na5 10.Nxf6+ Qxf6 11.Bb5 c6 12.Ba4 b5 13.Qe1
Qd8 14.Bb3 Nxb3 15.axb3 c5 16.Nd2 Be6 17.Ra6 Qc7 18.Qa1 Bc8 19.Ra3
a6 20.Qe1 Bb7 21.Qg3 Qe7 22.Rf3 Rae8 23.Ra1 Qg5 24.Qf2 Bc8 25.Rf1
Be6 26.Ra1 Bc8 27.h3 Re6 28.Nb1 Rg6 29.Nc3 Bb7 30.Rf1 Qe7 31.Ne2
c4 32.bxc4 bxc4 33.Ng3 cxd3 34.Nf5 Qd7 35.cxd3 d5 36.Rg3 Qd8
37.Qf3 dxe4 38.dxe4 Rxg3 39.Qxg3 Qf6 40.Qf3 Kh7 41.Rd1 Rd8 42.Rxd8
Qxd8 43.Ng3 Qe7 44.Ne2 g6 45.Nc3 Kg7 46.Qe2 Qb4 47.Qc2 a5 48.Kf2 1/2-1/2

[Event "Master Open"]
[Site "Voronezh"]
[Date "2018.06.13"]
[Round "2.19"]
[White "Gubajdullin, Alexei"]
[Black "Kabanov, Nikolai"]
[Result "0-1"]
[WhiteElo "2375"]
[BlackElo "2468"]
[Annotator ""]
[Source ""]
[Remark ""]

1.d4 g6 2.Bf4 Bg7 3.e3 d6 4.Nf3 Nd7 5.c3 e5 6.Bg3 Ne7 7.h3 O-O
8.Bc4 e4 9.Nfd2 d5 10.Be2 Nf5 11.Bh2 Re8 12.O-O b6 13.a4 a6 14.a5
b5 15.Bg4 Nf6 16.Nb3 h5 17.Bxf5 Bxf5 18.Nc5 Nh7 19.Nd2 Ng5 20.Kh1
Bf6 21.Re1 Ra7 22.Ra3 c6 23.Qa1 Kg7 24.Bf4 Be7 25.b4 f6 26.h4
Nf7 27.f3 Bxc5 28.dxc5 Ne5 29.Qb2 exf3 30.gxf3 Rae7 31.Rg1 Qd7
32.Ra2 Kf7 33.Bxe5 Rxe5 34.Nb3 Rxe3 0-1

[Event "Master Open"]
[Site "Voronezh"]
[Date "2018.06.13"]
[Round "2.20"]
[White "Afanasiev, Nikita"]
[Black "Ibadov, Dashgyn"]
[Result "1-0"]
[WhiteElo "2460"]
[BlackElo "2214"]
[Annotator ""]
[Source ""]
[Remark ""]

1.d4 e6 2.Nf3 Nf6 3.Bf4 c5 4.e3 b6 5.c3 Bb7 6.Nbd2 Be7 7.h3 O-O
8.Bd3 d6 9.O-O Nbd7 10.Qe2 Qc7 11.e4 e5 12.Bh2 Rfe8 13.Rfe1 Bf8
14.a4 a6 15.Rac1 g6 16.Ng5 h6 17.Ngf3 Nh5 18.Bc4 Nf4 19.Qd1 Bg7
20.Qb3 Ne6 21.dxe5 Nxe5 22.Rcd1 Rab8 23.Bf1 b5 24.axb5 axb5 25.Nxe5
Bxe5 26.Bxe5 dxe5 27.Qxb5 Bxe4 28.Qe2 Bc6 29.Nc4 Bb5 30.Qxe5
Qxe5 31.Rxe5 Bxc4 32.Bxc4 Rxb2 33.Rd3 Kg7 34.Rf3 h5 35.h4 Rc2
36.Kh2 Re7 37.Kg3 Re8 38.Bd5 Re7 39.Bc4 Re8 40.Bb3 Rb2 41.Bd5
Rc2 42.Rfe3 Kf6 43.Bc4 Re7 44.Kf3 Re8 45.Bb3 Rb2 46.Bxe6 Rxe6
47.Rxc5 Rc2 48.Rxe6+ Kxe6 49.Rc7 Kd6 50.Rc8 Kd7 51.Rc4 Kd6 52.Ke3
Kd5 53.Rc7 Ke6 54.g3 Ke5 55.Rc8 Kd5 56.Rc7 Ke5 57.f3 Rg2 58.Rc5+
Kf6 59.Kf4 Ke6 60.Re5+ Kf6 61.Re3 Rg1 62.Re8 Rc1 63.Rc8 Rc2 64.Rc6+
Ke7 65.Kg5 Rf2 66.Kf4 Kd7 67.Rc4 Ke6 68.Rd4 Rc2 69.Rd3 Rg2 70.c4
Rc2 71.Re3+ Kf6 72.Re4 Rc3 73.g4 hxg4 74.fxg4 Rh3 75.g5+ Kg7
76.Ke5 Rc3 77.Rf4 Kf8 78.Kd6 Rd3+ 79.Kc7 Rc3 80.Kc6 Ke7 81.c5
Rb3 82.Kc7 Ke6 83.c6 Rc3 84.Kd8 f5 85.gxf6 Rxc6 86.f7 Rd6+ 87.Kc8 1-0

[Event "Master Open"]
[Site "Voronezh"]
[Date "2018.06.13"]
[Round "2.21"]
[White "Karpenko, Artem"]
[Black "Kozionov, Kirill"]
[Result "1/2-1/2"]
[WhiteElo "2374"]
[BlackElo "2456"]
[Annotator ""]
[Source ""]
[Remark ""]

1.d4 Nf6 2.c4 e6 3.g3 c5 4.d5 exd5 5.cxd5 d6 6.Nc3 g6 7.Bg2 Bg7
8.Nf3 O-O 9.O-O Re8 10.Bf4 Na6 11.Re1 Bg4 12.h3 Bxf3 13.Bxf3
Nd7 14.Bg2 Ne5 15.Qc1 f5 16.Qb1 c4 17.Qc2 Qd7 18.Rad1 Rac8 19.Be3
Nc5 20.Bxc5 Rxc5 21.f4 Nf7 22.e4 fxe4 23.Nxe4 Rcc8 24.Kh2 Nh6
25.Ng5 Nf5 26.Ne6 c3 27.Nxg7 Qxg7 28.Rxe8+ Rxe8 29.bxc3 Re3 30.g4
Rxc3 31.Qf2 Ne3 32.Rd2 Qf6 33.Re2 Qd4 34.Rd2 Qf6 35.Re2 Qd4 36.Rd2
Qf6 37.Re2 Qd4 1/2-1/2

[Event "Master Open"]
[Site "Voronezh"]
[Date "2018.06.13"]
[Round "2.22"]
[White "Sindarov, Javokhir"]
[Black "Yangutov, Aleksey"]
[Result "1-0"]
[WhiteElo "2449"]
[BlackElo "1975"]
[Annotator ""]
[Source ""]
[Remark ""]

1.e4 c5 2.Nf3 Nc6 3.Nc3 Nf6 4.Bb5 Nd4 5.e5 Nxb5 6.Nxb5 Nd5 7.O-O
g6 8.d4 Nc7 9.Nxc7+ Qxc7 10.d5 d6 11.Bf4 Bg7 12.exd6 exd6 13.Re1+
Kf8 14.Nd2 Bf5 15.Nc4 Kg8 16.Bxd6 Qc8 17.a4 Bf6 18.Be7 Bxe7 19.Rxe7
Rb8 20.Qd2 Qd8 21.Rae1 b6 22.Qc3 1-0

[Event "Master Open"]
[Site "Voronezh"]
[Date "2018.06.13"]
[Round "2.23"]
[White "Yagupov, Igor"]
[Black "Akash Pc, Iyer"]
[Result "0-1"]
[WhiteElo "2359"]
[BlackElo "2435"]
[Annotator ""]
[Source ""]
[Remark ""]

1.e4 e6 2.d4 d5 3.Nc3 Bb4 4.e5 b6 5.a3 Bf8 6.Nf3 Ba6 7.Bxa6 Nxa6
8.Ng5 h6 9.Qh5 g6 10.Qh3 Qd7 11.O-O Bg7 12.Qd3 Nb8 13.Nf3 Ne7
14.Ne2 c5 15.c3 Nbc6 16.b4 c4 17.Qc2 a6 18.a4 O-O-O 19.b5 axb5
20.axb5 Na5 21.Ba3 Kb7 22.Rfb1 Ra8 23.Nc1 Ra7 24.h4 Nf5 25.Bb4
Rha8 26.g4 Ne7 27.h5 Bf8 28.Nh4 gxh5 29.gxh5 Nf5 30.Nxf5 exf5
31.Bxa5 Rxa5 32.Rxa5 bxa5 33.Ne2 Be7 34.Ng3 Rg8 35.Kf1 Rg5 36.Qa2
Bd8 37.b6 a4 38.Rb4 f4 39.Rxa4 Bxb6 40.Ne2 Rxh5 41.Nxf4 Rh1+
42.Kg2 Rh4 43.e6 Qe7 44.Ra8 Qg5+ 45.Kf1 Rh1+ 46.Ke2 Qg4+ 0-1

[Event "Master Open"]
[Site "Voronezh"]
[Date "2018.06.13"]
[Round "2.24"]
[White "Seregina, Maria"]
[Black "Dzhumaev, Marat"]
[Result "0-1"]
[WhiteElo "1873"]
[BlackElo "2434"]
[Annotator ""]
[Source ""]
[Remark ""]

1.d4 d5 2.c4 c6 3.cxd5 cxd5 4.Nc3 Nc6 5.Nf3 Nf6 6.Bf4 Bf5 7.e3
a6 8.Bd3 Bxd3 9.Qxd3 e6 10.O-O Be7 11.h3 O-O 12.Rac1 Rc8 13.Na4
Ne4 14.a3 b5 15.Nc5 Bxc5 16.dxc5 Qf6 17.b4 Rfd8 18.Nd4 e5 19.Nxc6
Rxc6 20.f3 Nxc5 21.Rxc5 exf4 22.Rxc6 Qxc6 23.exf4 d4 24.Rd1 h6
25.Qe4 Qc4 26.Qe7 Qd5 27.Qe4 Qd7 28.Rd3 Kf8 29.Kf2 f6 30.f5 Qc7
31.Rxd4 Qb6 0-1

[Event "Master Open"]
[Site "Voronezh"]
[Date "2018.06.13"]
[Round "2.25"]
[White "Kryakvin, Dmitry"]
[Black "Konnov, Oleg"]
[Result "1-0"]
[WhiteElo "2592"]
[BlackElo "2311"]
[Annotator ""]
[Source ""]
[Remark ""]

1.d4 d5 2.c4 e6 3.Nf3 dxc4 4.Qa4+ Nd7 5.Qxc4 c5 6.Nc3 Ngf6 7.Bg5
a6 8.Qa4 Be7 9.dxc5 Bxc5 10.e3 O-O 11.Rd1 Qb6 12.Qc2 Be7 13.Be2
Rd8 14.O-O Qa5 15.Ne4 Nf8 16.Rxd8 Bxd8 17.Nd6 Qc7 18.Qd2 Be7
19.Rd1 Bd7 20.Bf4 Nd5 21.Nf5 Qd8 22.Nxe7+ Qxe7 23.Bg3 Rc8 24.e4
Nf6 25.Bd6 Qe8 26.Bd3 Bb5 27.e5 Bxd3 28.exf6 Bg6 29.fxg7 Kxg7
30.Ne5 f6 31.Ng4 Qf7 32.h4 h5 33.Qh6+ Kg8 34.Ne3 Be4 35.Qf4 Qg6
36.Bxf8 Rxf8 37.Qc7 Bc6 38.Qe7 Re8 39.Rd8 Rxd8 40.Qxd8+ Kf7 41.Qc7+
Kf8 42.Qd8+ Kf7 43.Qd2 Ke7 44.Kh2 Qh6 45.Qd4 Qg6 46.f3 Qb1 47.Qc5+
Kd7 48.Qf8 Qxb2 49.Qf7+ Kd8 50.Qxe6 Bxf3 1-0

[Event "Master Open"]
[Site "Voronezh"]
[Date "2018.06.13"]
[Round "2.26"]
[White "Egorov, Pavel"]
[Black "Pridorozhni, Aleksei"]
[Result "0-1"]
[WhiteElo "2282"]
[BlackElo "2589"]
[Annotator ""]
[Source ""]
[Remark ""]

1.d4 Nf6 2.c4 Nc6 3.Nf3 e6 4.Nc3 d5 5.Bg5 Be7 6.e3 O-O 7.Qc2
dxc4 8.Bxc4 Nd5 9.Bxe7 Ncxe7 10.O-O-O Nxc3 11.Qxc3 Bd7 12.Ne5
Qe8 13.e4 Bb5 14.Rhe1 Ng6 15.Nxg6 hxg6 16.f4 Rd8 17.Kb1 Bxc4
18.Qxc4 Qe7 19.f5 exf5 20.exf5 Qf6 21.fxg6 Qxg6+ 22.Qc2 Qxc2+
23.Kxc2 Rd7 24.Re4 f6 25.Rde1 Kf7 26.Kc3 Rh8 27.h3 Rh5 28.b4
a5 29.bxa5 Rxa5 30.R1e2 c6 31.Kb4 Rb5+ 32.Kc4 Ra5 33.Kb4 Rad5
34.Kc3 g5 35.g4 Kg6 36.Rf2 R5d6 37.Rh2 Rd5 38.Kb3 Rb5+ 39.Kc4
Rb1 40.Ree2 Rd5 41.Rb2 Ra1 42.Kd3 Rd7 43.Kc4 Rh7 44.Rbd2 Rc1+
45.Kd3 Rg1 46.Kc4 Rh4 47.Kd3 Rh8 48.Rb2 Rd8 49.Rhc2 Rh1 50.Rh2
Rf1 0-1

[Event "Master Open"]
[Site "Voronezh"]
[Date "2018.06.13"]
[Round "2.27"]
[White "Stukopin, Andrey"]
[Black "Nesterov, Arseniy"]
[Result "1-0"]
[WhiteElo "2589"]
[BlackElo "2317"]
[Annotator ""]
[Source ""]
[Remark ""]

1.e4 e6 2.d4 d5 3.Bd3 dxe4 4.Bxe4 Nf6 5.Bf3 c5 6.Ne2 Be7 7.Be3
cxd4 8.Nxd4 O-O 9.Nc3 e5 10.Nb3 Nc6 11.O-O Bf5 12.Nc5 Qc8 13.Nd5
Nxd5 14.Bxd5 Nd4 15.Bxd4 exd4 16.Nd3 Bf6 17.h3 Bg6 18.Re1 Qc7
19.Bb3 a5 20.a4 Rab8 21.Qg4 Bxd3 22.cxd3 b5 23.Rac1 Qd6 24.Re2
Qb4 25.Bd5 bxa4 26.Qf5 a3 27.bxa3 Qd6 28.Be4 g6 29.Qxa5 h5 30.g3
h4 1-0

[Event "Master Open"]
[Site "Voronezh"]
[Date "2018.06.13"]
[Round "2.28"]
[White "Sergienko, Sergey"]
[Black "Moskalenko, Alexander"]
[Result "1-0"]
[WhiteElo "2315"]
[BlackElo "2558"]
[Annotator ""]
[Source ""]
[Remark ""]

1.Nf3 Nf6 2.c4 e6 3.g3 d5 4.Bg2 dxc4 5.Qa4+ Bd7 6.Qxc4 c5 7.Ne5
Qc8 8.O-O Nc6 9.Nxd7 Qxd7 10.Nc3 Be7 11.d3 Rc8 12.Ne4 Nd4 13.Re1
b5 14.Qc3 Nd5 15.Qd2 O-O 16.Qd1 Nb6 17.Rb1 Rfd8 18.b3 f5 19.Nd2
Bf6 20.Bb2 b4 21.Nc4 Qf7 22.Rc1 Nd5 23.Qd2 Nb5 24.Bxf6 Qxf6 25.f4
Nd6 26.Ne5 Nc3 27.a3 Nf7 28.axb4 cxb4 29.Nxf7 Kxf7 30.Qe3 Rc7
31.Ra1 Nb5 32.Rec1 Rdd7 33.Rxc7 Qxa1+ 34.Rc1 Qd4 35.Kf2 Qxe3+
36.Kxe3 Nd4 37.Rc4 Nxb3 38.Rxb4 Nc5 39.d4 a5 40.Rb5 Na6 41.Rxa5
Nb4 42.Rc5 Kf6 43.Rc4 Nd5+ 44.Kd3 Kf7 45.Bf3 g6 46.Rc5 Nf6 47.Kc4
Ke7 48.Rc6 Ra7 49.Kb5 Nd7 50.g4 fxg4 51.Bxg4 Nf8 52.Kb4 Ra1 53.Rc7+
Nd7 54.d5 Rb1+ 55.Ka3 Kd6 56.Rc6+ Kxd5 57.Bf3+ Kd4 58.Rd6+ Kc3
59.Rd3+ 1-0

[Event "Master Open"]
[Site "Voronezh"]
[Date "2018.06.13"]
[Round "2.29"]
[White "Schepetkova, Margarita"]
[Black "Maiorov, Nikita"]
[Result "0-1"]
[WhiteElo "2244"]
[BlackElo "2533"]
[Annotator ""]
[Source ""]
[Remark ""]

1.d4 Nf6 2.c4 e6 3.g3 d5 4.Bg2 Bb4+ 5.Nd2 O-O 6.Ngf3 dxc4 7.Qc2
a5 8.Qxc4 b6 9.Qc2 Bb7 10.O-O Nbd7 11.Rd1 Ra7 12.a3 Be7 13.Ne5
Bxg2 14.Kxg2 Nxe5 15.dxe5 Nd7 16.Nf3 Qe8 17.Bg5 h6 18.Bxe7 Qxe7
19.Rd2 Nc5 20.Rad1 a4 21.Qc4 Rc8 22.h4 Raa8 23.Nd4 Qe8 24.Kh2
Ne4 25.Nc6 Nxd2 26.Rxd2 Kh8 27.Kg1 b5 28.Qc5 Ra6 29.Rc2 Qd7 30.Nd4
c6 31.e3 Qe8 32.Kf1 Rd8 33.e4 Qd7 34.Rd2 Qe8 35.Ke2 Rd7 36.Rc2
Ra8 37.Nf3 Qd8 38.Qxc6 Rb8 39.Rd2 Rxd2+ 40.Nxd2 Qa5 41.Qc5 Qa6
42.Qb4 Qc6 43.Qd6 Qe8 44.Nf3 Rd8 45.Qb4 Qd7 46.Kf1 Kg8 47.Kg2
Qd3 48.h5 Qe2 49.Qe7 Rd1 50.g4 Qxe4 51.Kg3 Qa8 52.Kf4 Rd3 53.Ne1
Rd4+ 54.Kg3 Qe4 55.Qe8+ Kh7 56.Qxf7 Qxg4+ 57.Kh2 Rf4 0-1